Has China’s Health Sector Development Matched the Rapid Growth in the Country?
Retrospektívna analýza empirických dát analýzy vkladu a výsledkov čínskej zdravotníckej politiky kvôli identifikácii hlavných problémov a zdôrazneniu najväčších výziev. Záver článku vyjadruje, že hlavné problémy sú spojené s nedostatočným a nerovným prístupom k zdravotníckej starostlivosti.
Enregistré dans:
| Auteur principal: | |
|---|---|
| Format: | Chapitre de livre |
| Langue: | anglais |
| Sujets: | |
| Tags: |
Pas de tags, Soyez le premier à ajouter un tag!
|
MARC
| LEADER | 00000nla a2200000 4500 | ||
|---|---|---|---|
| 001 | 0241943 | ||
| 005 | 20240319121913.0 | ||
| 041 | 0 | |a eng | |
| 044 | |a PT | ||
| 245 | 1 | 0 | |a Has China’s Health Sector Development Matched the Rapid Growth in the Country? |c Marta Tripane |
| 520 | |a Retrospektívna analýza empirických dát analýzy vkladu a výsledkov čínskej zdravotníckej politiky kvôli identifikácii hlavných problémov a zdôrazneniu najväčších výziev. Záver článku vyjadruje, že hlavné problémy sú spojené s nedostatočným a nerovným prístupom k zdravotníckej starostlivosti. | ||
| 610 | 2 | 0 | |a zdravotníctvo |
| 610 | 2 | 0 | |a zdravotníctvo verejné |
| 610 | 2 | 0 | |a starostlivosť o zdravie |
| 610 | 2 | 0 | |a starostlivosť zdravotná |
| 610 | 2 | 0 | |a politika |
| 610 | 2 | 0 | |a zákony |
| 610 | 2 | 0 | |a nerovnosť |
| 610 | 2 | 0 | |a analýza empirická |
| 610 | 2 | 0 | |a Čína |
| 100 | 1 | |a Tripane, Marta | |